Innovación en gobiernos locales: Un panorama de experiencias municipales en México/ coordinado por Enrique Cabrero Mendoza. (Record no. 137928)

MARC details
000 -CABECERA
campo de control de longitud fija 00616nam a2200193 a 4500
005 - FECHA Y HORA DE LA ÚLTIMA TRANSACCIÓN
campo de control 20240809063840.0
008 - ELEMENTOS DE LONGITUD FIJA--INFORMACIÓN GENERAL
campo de control de longitud fija 081108s2000 mx r 000 0 spa d
020 ## - NÚMERO INTERNACIONAL NORMALIZADO PARA LIBROS
Número Internacional Estándar del Libro 968742026X
035 ## - NÚMERO DE CONTROL DEL SISTEMA
Número de control de sistema UPN01000165816
049 ## - COLECCIÓN
Colección UNE
080 ## - NÚMERO DE CLASIFICACIÓN DECIMAL UNIVERSAL
Número de la Clasificación Decimal Universal 328.36 (72) "2002" INN.
245 00 - MENCIÓN DE TÍTULO
Título Innovación en gobiernos locales: Un panorama de experiencias municipales en México/ coordinado por Enrique Cabrero Mendoza.
260 ## - PUBLICACIÓN, DISTRIBUCIÓN, ETC.
Lugar de publicación, distribución, etc. México: CIDE, 2002.
300 ## - DESCRIPCIÓN FÍSICA
Extensión 593 p.; 21 cm. il.
500 ## - NOTA GENERAL
Nota general Premio Gobierno y Gestión Local
690 ## - PUNTO DE ACCESO ADICIONAL DE MATERIA LOCAL--TÉRMINO DE MATERIA (OCLC, RLIN)
Término de materia o nombre geográfico como elemento inicial Gobierno local
9 (RLIN) 17057
690 ## - PUNTO DE ACCESO ADICIONAL DE MATERIA LOCAL--TÉRMINO DE MATERIA (OCLC, RLIN)
Término de materia o nombre geográfico como elemento inicial Gobierno municipal
905 ## - TIPO DE MATERIAL
Tipo de material UNESCO

No items available.